| 000 | 01932nam0a2200385 4500 | ||
|---|---|---|---|
| 001 | RU\NLR\BIBL_A\011859617 | ||
| 005 | 20181122094758.0 | ||
| 010 |
_a978-5-392-28631-7 _91000 |
||
| 021 |
_aRU _bКН-П-18-077315 _9КН-П-18-5591 |
||
| 035 | _a(NLR Aleph) 011859617 | ||
| 035 | _a(RuMoRGB)009777243 | ||
| 090 |
_a12146018 _c12146018 |
||
| 100 | _a20181112d2019 u y0rusy50 ca | ||
| 101 | 0 | _arus | |
| 102 | _aRU | ||
| 105 | _aa|||j|||010zy | ||
| 200 | 1 |
_aФилософия _eучебник _fП.В. Алексеев, А.В. Панин _gМосковский государственный университет им. М.В. Ломоносова |
|
| 205 | _a4-е изд., перераб. и доп. | ||
| 210 |
_aМосква _cПроспект _cИзд-во Московского университета _d2019 [т.е. 2018] |
||
| 215 |
_a588 с. _cил. _d22 |
||
| 225 | 1 |
_aКлассический университетский учебник _fред. совет: пред. Садовничий [и др.] |
|
| 300 | _aВ вып. дан. авт.: Алексеев П.В., Алексеев А.П., Панин А.В. | ||
| 300 | _aНа обл.: 4-е изд. | ||
| 300 | _aКн. фактически изд. в 2018 г. | ||
| 300 | _aНа тит. л.: Моск. гос. ун-т им. М.В. Ломоносова, 250 лет | ||
| 320 | _aБиблиогр. в подстроч. примеч. | ||
| 606 | 1 |
_aФилософия _jУчебники для высших учебных заведений _2nlr_sh1 _2nlr_sh2 _3RU\NLR\AUTH\666996 |
|
| 686 | 1 | _aЮ0я73 | |
| 700 | 1 |
_aАлексеев _bП. В. _cд-р филос. наук _f1932- _gПетр Васильевич _3RU\NLR\AUTH\7730067 |
|
| 701 | 1 |
_aПанин _bА. В. _gАлександр Владимирович |
|
| 942 | _cBOOK | ||
| 980 | _aNBR | ||
| 980 | _aNB | ||